000 00426nam a2200181Ia 4500
001 4774
005 20260306145820.0
008 260306t2007||||xx |||||||||||||| ||spa||
041 _aESP
082 _a330.03
_bD73 2007
100 _aDeloitte, S.L.
_eAUT
245 0 _aEconomía y negocios texto impreso
260 _c2007
300 _a748 páginas :
_ccm.
650 _aGEN
654 _aCAN
942 _cLIB
_dJUS
_fJUS
_2ddc
_n
999 _c4774
_d4774